The effectiveness of seed source management by basic commnity in pro-ngil commune, phnom kravanh district pursat province (ប្រសិទ្ថភាពនៃការគ្រប់គ្រងប្រភពគ្រាប់ពូជឈើដោយសហគមន៏មូលដ្ឋាននៅភូមិព្រងិលស្រុកភ្នំក្រវាញខេត្តពោធិ៏សាត់) (Record no. 3343)
[ view plain ]
| 000 -LEADER | |
|---|---|
| fixed length control field | 00797nam a22001577a 4500 |
| 003 - CONTROL NUMBER IDENTIFIER | |
| control field | OSt |
| 005 - DATE AND TIME OF LATEST TRANSACTION | |
| control field | 20151112104333.0 |
| 008 - FIXED-LENGTH DATA ELEMENTS--GENERAL INFORMATION | |
| fixed length control field | 151112b xxu||||| |||| 00| 0 eng d |
| 040 ## - CATALOGING SOURCE | |
| Transcribing agency | RUA |
| 082 ## - DEWEY DECIMAL CLASSIFICATION NUMBER | |
| Classification number | FOR LIM 2006 B133 Or.1 |
| 100 ## - MAIN ENTRY--PERSONAL NAME | |
| 9 (RLIN) | 3590 |
| Personal name | LIM, LINA. |
| 245 ## - TITLE STATEMENT | |
| Title | The effectiveness of seed source management by basic commnity in pro-ngil commune, phnom kravanh district pursat province (ប្រសិទ្ថភាពនៃការគ្រប់គ្រងប្រភពគ្រាប់ពូជឈើដោយសហគមន៏មូលដ្ឋាននៅភូមិព្រងិលស្រុកភ្នំក្រវាញខេត្តពោធិ៏សាត់) |
| 260 ## - PUBLICATION, DISTRIBUTION, ETC. (IMPRINT) | |
| Place of publication, distribution, etc. | Phnom Penh |
| Name of publisher, distributor, etc. | RUA |
| Date of publication, distribution, etc. | 2006 |
| 300 ## - PHYSICAL DESCRIPTION | |
| Extent | xi, 55p. |
| Other physical details | ill. |
| Dimensions | 29cm. |
| 942 ## - ADDED ENTRY ELEMENTS (KOHA) | |
| Source of classification or shelving scheme | |
| Koha item type | FOR |
| Price effective from | Date last seen | Permanent Location | Not for loan | Date acquired | Source of classification or shelving scheme | Koha item type | Barcode | Lost status | Damaged status | Shelving location | Withdrawn status | Current Location | Full call number |
|---|---|---|---|---|---|---|---|---|---|---|---|---|---|
| 2015-11-12 | 2015-11-12 | Library Block B | 2015-11-12 | FOR | RUA028300 | B133 | Library Block B | FOR LIM 2006 B133 Or.1 | |||||
| 2015-11-12 | 2015-11-12 | Library Block B | 2015-11-12 | FOR | RUA028990 | B133 | Library Block B | FOR LIM 2006 B133 Or.2 | |||||
| 2015-11-12 | 2015-11-12 | Library Block B | 2015-11-12 | FOR | RUA028372 | B133 | Library Block B | FOR LIM 2006 B133 Or.3 | |||||
| 2015-11-12 | 2015-11-12 | Library Block B | 2015-11-12 | FOR | RUA028707 | B133 | Library Block B | FOR LIM 2006 B133 Or.4 | |||||
| 2015-11-12 | 2015-11-12 | Library Block B | 2015-11-12 | FOR | RUA028635 | B133 | Library Block B | FOR LIM 2006 B133 Or.5 | |||||
| 2015-11-12 | 2015-11-12 | Library Block B | 2015-11-12 | FOR | RUA028779 | B133 | Library Block B | FOR LIM 2006 B133 Or.6 |